000
00418nam a2200133Ia 4500
008
100328s9999 xx 000 0 und d
082
_b
66519
100
_a
बोरुडे संजय.
245
_a
आत्मा फिक्सिंग.
260
_b
प्राजक्त.
630
_a
आत्मा फिक्सिंग.
730
_a
आत्मा फिक्सिंग.
942
_c
BOOK
999
_c
552258
_d
552255